[Event "Pan American-ch U16 Girls"]
[Site "Santiago de Chile"]
[Date "2018.07.22"]
[Round "1"]
[White "Hilario Huaranca, Aleyla Karen"]
[Black "Rosales, Rommy"]
[Result "1-0"]
[WhiteElo "2075"]
[BlackElo "1524"]
[PlyCount "44"]
[EventDate "2018.07.22"]
[EventType "swiss"]
[EventRounds "9"]
[EventCountry "CHI"]
[SourceTitle "EXT 2022"]
[Source "ChessBase"]
[SourceDate "2021.10.06"]
[SourceVersion "1"]
[SourceVersionDate "2021.10.06"]
[SourceQuality "1"]

1. d4 d5 2. Nf3 Bg4 3. Ne5 Bh5 4. c4 e6 5. Nc3 Nf6 6. Qb3 b6 7. cxd5 exd5 8. e4 Be7 9. Bb5+ Nbd7 10. Nc6 Qc8 11. Nxd5 Nxd5 12. Qxd5 Bg4 13. Nxe7 Kxe7 14. Qg5+ Nf6 15. e5 a6 16. Bd3 h6 17. exf6+ gxf6 18. Qf4 Qe6+ 19. Be3 Rad8 20. 0-0 Rhg8 21. Be4 Ke8 22. Bd2 Qd6 1-0